| 000 | 00000nam##2200000za#4500 |
| 001 | 9.696408 |
| 003 | CaOODSP |
| 005 | 20210624235023 |
| 007 | cr ||||||||||| |
| 008 | 150407|1996||||xxc|||||o f|0| 0 eng|d |
| 040 | |aCaOODSP|beng |
| 043 | |an-cn--- |
| 086 | 1 |aF2-113/1996E-PDF |
| 110 | 1 |aCanada. |bDepartment of Finance. |
| 245 | 10|aHarmonized sales tax : |h[electronic resource]|btechnical paper / |cissued jointly by the governments of Canada, Nova Scotia, New Brunswick, Newfoundland and Labrador. |
| 260 | |aOttawa - Ontario : |bFinance Canada |c[1996]. |
| 300 | |a111p.|bfigs. |
| 590 | |a12-32-Supp|b2012-07-11 |
| 690 | 07|aFiscal policy|2gcpds |
| 690 | 07|aGoods and services tax|2gcpds |
| 775 | 08|tLa taxe de vente harmonisée : |w(CaOODSP)9.640525 |
| 776 | 0#|tHarmonized sales tax : |w(CaOODSP)9.646373 |
| 856 | 40|ahttp://publications.gc.ca|qPDF|s461 KB|uhttps://publications.gc.ca/collections/Collection/F2-113-1996E.pdf |